| 000 | 00686nam a2200229 a 4500 | ||
|---|---|---|---|
| 001 | BRCA_7896 | ||
| 005 | 20190320210037.0 | ||
| 008 | 070214s1966----u--a######---#000-0#eng-# | ||
| 041 | _aeng | ||
| 044 | _au | ||
| 050 | 4 |
_aNK4165 _b.H39 1966 |
|
| 100 | 1 |
_aHayashiya, Seizo _919526 |
|
| 245 | 1 | 0 |
_aChinese ceramics _cby Seizo Hayashiya and Gakuji Hasebe ; tr. by Charles A. Pomeroy. |
| 260 |
_aRutland, Vermont _bCh. E. Tuttle _c1966 |
||
| 300 |
_a95 p. _bil. (algunas a color), 114 láminas _c28 cm. |
||
| 500 | _aY172 | ||
| 650 | 1 | 4 |
_aCerámica china _97212 |
| 700 | 1 |
_aHasebe, Gakuji _ecoaut. _919527 |
|
| 700 | 1 |
_aPomeroy, Charles A. _etr. _919528 |
|
| 902 | _aGFM | ||
| 942 |
_2lcc _cB |
||
| 999 |
_c7568 _d7568 |
||